Les passe décisive de Payet - Statistiques

Statistiques générales
  • Ce quiz a été pris 11 fois
  • Le résultat moyen est 4 sur 10
Statistiques - réponses
Nombre de passes Joueur % Correct
14 Thauvin
100%
11 Gignac
73%
5 Mitroglou
73%
7 Germain
64%
10 Gomis
36%
8 Antonio
18%
6 Batshuayi
18%
6 Roux
9%
5 Under
9%
5 Sakho
0%
Aucun quiz correspondant
Distribution des résultats
% des personnes avec chaque résultat
Percentile par nombre de réponses
Votre historique - résultats
Vous n’avez pas pris ce quiz